Generovanie stochastických činností v intermodálnej doprave
Doprava a jej význam pre rozvoj hospodárstva štátu. Charakterizovanie intermodálnej prepravy ako modernej dopravnej metódy. Stochastické metódy pre plánovanie činností zložitých systémov. Programovanie matematickej simulácie systémov intermodálnej dopravy. Matematické postupy a testy.
Gespeichert in:
| 1. Verfasser: | |
|---|---|
| Weitere Verfasser: | , |
| Format: | Buchkapitel |
| Sprache: | Slowakisch |
| Schlagworte: | |
| Tags: |
Keine Tags, Fügen Sie das erste Tag hinzu!
|
MARC
| LEADER | 00000naa a2200000 4500 | ||
|---|---|---|---|
| 001 | 0136151 | ||
| 005 | 20231204133132.1 | ||
| 041 | 0 | |a slo | |
| 044 | |a SK | ||
| 245 | 1 | 0 | |a Generovanie stochastických činností v intermodálnej doprave |c Ivo Milata, Jana Müllerová, Vadislav Kašpar |
| 520 | |a Doprava a jej význam pre rozvoj hospodárstva štátu. Charakterizovanie intermodálnej prepravy ako modernej dopravnej metódy. Stochastické metódy pre plánovanie činností zložitých systémov. Programovanie matematickej simulácie systémov intermodálnej dopravy. Matematické postupy a testy. | ||
| 610 | 2 | 0 | |a doprava |
| 610 | 2 | 0 | |a preprava |
| 610 | 2 | 0 | |a risk management |
| 610 | 2 | 0 | |a úlohy dopravné |
| 610 | 2 | 0 | |a infraštruktúra dopravná |
| 610 | 2 | 0 | |a metódy simulačné |
| 610 | 2 | 0 | |a modely matematicko-logické |
| 610 | 2 | 0 | |a simulácia stochastická |
| 610 | 2 | 0 | |a analýza operačná |
| 100 | 1 | |a Milata, Ivo | |
| 700 | 1 | |a Müllerová, Jana | |
| 700 | 1 | |a Kašpar, Vladislav | |